| 000 | 01098nam a22002777a 4500 | ||
|---|---|---|---|
| 005 | 20241017103214.0 | ||
| 008 | 241011b |||||||| |||| 00| 0 eng d | ||
| 020 | _a9786214271825 | ||
| 082 | _aDFil 658.3 Ab17 2024 | ||
| 100 |
_aAbante, Marmelo V. _941504 |
||
| 245 |
_aAdvanced human resource management : _bfor private and government institution / _cMarmelo V. Abante and eight others. |
||
| 260 |
_aManila : _bUnlimited Books Library Services & Publishing, _c©2024 |
||
| 300 |
_axii, 260 pages : _billustrations ; _c25 cm. |
||
| 500 | _aIncludes references. | ||
| 650 | 0 |
_aHuman Resource Management. _911385 |
|
| 650 | 0 |
_aPersonnel management. _93273 |
|
| 700 |
_aJulianes, Melchor S. _eauthor. _961990 |
||
| 700 |
_aDela Cruz, Estarlita G. _962517 _eco-author. |
||
| 700 |
_aAsturias, Peter M. _962518 _eco-author. |
||
| 700 |
_aNillo, Mario S. _962520 _eco-author. |
||
| 700 |
_aVillegas, Renato A., _eco-author. _962074 |
||
| 700 |
_aSimbre, Roland. _962769 _eco-author. |
||
| 700 |
_aQuintos, Darwin. _962770 _eco-author. |
||
| 700 |
_aSario, Jay. _962771 _eco-author. |
||
| 942 |
_2ddc _cDFIL |
||
| 999 |
_c22476 _d22476 |
||